Nom des piercings - Statistiques

Statistiques générales
  • Ce quiz a été pris 38 fois
  • Le résultat moyen est 11 sur 16
Statistiques - réponses
Par images Réponse % Correct
helix
96%
lobe
96%
industriel
88%
nombril
88%
tragus
81%
anti helix
77%
conch
77%
rook
73%
septum
73%
daith
65%
nostril
65%
flat
62%
anti tragus
46%
snug
31%
labret vertical
27%
constellation
19%
Aucun quiz correspondant
Distribution des résultats
% des personnes avec chaque résultat
Percentile par nombre de réponses
Votre historique - résultats
Vous n’avez pas pris ce quiz